<?xml version="1.0" encoding="UTF-8"?>
<collection xmlns="http://www.loc.gov/MARC21/slim">
 <record>
  <leader>     na                 </leader>
  <controlfield tag="001">INLIS000000000862657</controlfield>
  <controlfield tag="005">20210719031600</controlfield>
  <datafield tag="035" ind1=" " ind2=" ">
   <subfield code="a">0010-0721000892</subfield>
  </datafield>
  <controlfield tag="007">ta</controlfield>
  <controlfield tag="008">210712t2013    jkia   gs|      1 e ind d</controlfield>
  <datafield tag="336" ind1=" " ind2=" ">
   <subfield code="2">rdacontent</subfield>
   <subfield code="a">teks</subfield>
  </datafield>
  <datafield tag="337" ind1=" " ind2=" ">
   <subfield code="2">rdamedia</subfield>
   <subfield code="a">komputer</subfield>
  </datafield>
  <datafield tag="338" ind1=" " ind2=" ">
   <subfield code="2">rdacarrier</subfield>
   <subfield code="a">sumber sambung jaring</subfield>
  </datafield>
  <datafield tag="245" ind1="1" ind2="0">
   <subfield code="a">Wiji Thukul teka-teki orang hilang /</subfield>
   <subfield code="c">penyunting, Arif Zulkifli, Seno Joko Suyono, Purwanto Setiadi, Redaksi KPG; ilustrator, Yuyun Nurachman</subfield>
  </datafield>
  <datafield tag="300" ind1=" " ind2=" ">
   <subfield code="a">1 berkas komputer (9,3 MB)</subfield>
  </datafield>
  <datafield tag="082" ind1="0" ind2="4">
   <subfield code="2">23</subfield>
   <subfield code="a">928</subfield>
  </datafield>
  <datafield tag="084" ind1=" " ind2=" ">
   <subfield code="a">928 WIJ</subfield>
  </datafield>
  <datafield tag="264" ind1="3" ind2="1">
   <subfield code="a">Jakarta :</subfield>
   <subfield code="b">Kepustakaan Populer Gramedia,</subfield>
   <subfield code="c">2013</subfield>
  </datafield>
  <datafield tag="500" ind1=" " ind2=" ">
   <subfield code="a">Untuk mengakses buku ini silakan unduh aplikasi http://ijogja.id</subfield>
  </datafield>
  <datafield tag="500" ind1=" " ind2=" ">
   <subfield code="a">Indeks</subfield>
  </datafield>
  <datafield tag="538" ind1=" " ind2=" ">
   <subfield code="a">Android : versi 4.0 atau di atasnya, memori 1 GB, layar tampilan 4-inch</subfield>
  </datafield>
  <datafield tag="850" ind1=" " ind2=" ">
   <subfield code="a">YOPDYOG</subfield>
  </datafield>
  <datafield tag="852" ind1="8" ind2=" ">
   <subfield code="a">aplikasi iJogja</subfield>
  </datafield>
  <datafield tag="856" ind1="4" ind2="0">
   <subfield code="n">Perpustakaan Digital iJogja</subfield>
   <subfield code="u">http://ijogja.id /publications/books/14142</subfield>
  </datafield>
  <datafield tag="040" ind1=" " ind2=" ">
   <subfield code="a">YOPDYOG</subfield>
   <subfield code="b">ind</subfield>
   <subfield code="e">rda</subfield>
  </datafield>
  <datafield tag="020" ind1=" " ind2=" ">
   <subfield code="a">978-979-91-0592-9</subfield>
  </datafield>
  <datafield tag="250" ind1=" " ind2=" ">
   <subfield code="a">Cetakan pertama, Juni 2013</subfield>
  </datafield>
  <datafield tag="700" ind1="0" ind2=" ">
   <subfield code="a">Arif Zuklifli</subfield>
   <subfield code="e">penyunting</subfield>
  </datafield>
  <datafield tag="700" ind1="0" ind2=" ">
   <subfield code="a">Seno Joko Suyono</subfield>
   <subfield code="e">penyunting</subfield>
  </datafield>
  <datafield tag="700" ind1="0" ind2=" ">
   <subfield code="a">Purwanto Setiadi</subfield>
   <subfield code="e">penyunting</subfield>
  </datafield>
  <datafield tag="700" ind1=" " ind2=" ">
   <subfield code="a">Yuyun Nurachman</subfield>
   <subfield code="e">ilustrator</subfield>
  </datafield>
  <datafield tag="710" ind1="2" ind2=" ">
   <subfield code="a">Redaksi KPG</subfield>
   <subfield code="e">penyunting</subfield>
  </datafield>
  <datafield tag="600" ind1=" " ind2="4">
   <subfield code="a">Wiji Thukul--</subfield>
   <subfield code="x">Biografi</subfield>
  </datafield>
  <datafield tag="490" ind1=" " ind2=" ">
   <subfield code="a">Seri Buku TEMPO: Prahara Orde Baru Wiji Thukul</subfield>
  </datafield>
  <datafield tag="990" ind1=" " ind2=" ">
   <subfield code="a">002037-EPD/B.2016</subfield>
  </datafield>
  <datafield tag="990" ind1=" " ind2=" ">
   <subfield code="a">002038-EPD/B.2016</subfield>
  </datafield>
  <datafield tag="990" ind1=" " ind2=" ">
   <subfield code="a">002038-EPD/B.2016</subfield>
  </datafield>
  <datafield tag="990" ind1=" " ind2=" ">
   <subfield code="a">002037-EPD/B.2016</subfield>
  </datafield>
  <datafield tag="990" ind1=" " ind2=" ">
   <subfield code="a">002037-EPD/B.2016</subfield>
  </datafield>
  <datafield tag="990" ind1=" " ind2=" ">
   <subfield code="a">002038-EPD/B.2016</subfield>
  </datafield>
 </record>
</collection>
